000 01032cam a2200265 i 4500
003 SA-RiAUC
005 20251029074510.0
008 251024s1996 ||| g 000 0 ara c
040 _aJO-MaAABU
_bara
_cSA-RiAUC
_erda
043 _aawgz---
050 0 0 _bK42. 1996
082 0 4 _a215.3
090 _a215.3
_b خ ي ا
100 1 _aالخياط، عبد العزيز عزت،
_d1924-2011
_eمؤلف.
245 1 0 _aنفي الخرافات والأضاليل عن المسجد الأقصى المبارك /
_cعبد العزيز عزت الخياط.
264 1 _a[مكان النشر غير محدد] :
_b[الناشر غير محدد]،
_c1996
300 _a41 صفحة؛
_c16 سم.
336 _aنص
_btxt
_2rdacontent
_3كتاب
337 _aبدون وسيط
_bn
_2rdamedia
338 _aمجلد
_bnc
_2rdacarrier
610 2 7 _aالمسجد الأقصى (القدس)
_xتاريخ
_2aucnm
651 7 _aالقدس
_xتاريخ
_2aucsh
942 _2ddc
_cBOOK
_n0
949 _aSA-JeALM
_d251024
_umohamedma123
_n1
999 _c12739
_d12739